000 00756nam a2200241 a 4500
001 000019992
005 20200929170224.0
008 100709s1964 sp 001 e spa d
040 _aDO-SdBNP
_bspa
_cBNPHU
082 _a864.6
_bL186a, 1964
100 1 _aLaín Entralgo, Pedro,
_d1908-2001
_942048
245 1 3 _aLa Aventura de Leer /
_cPedro Laín Entralgo.
250 _a2a ed.
260 _aMadrid :
_bEspasa-Calpe,
_c1964.
300 _a224 p. ;
_c18 cm.
490 1 _aAustral. Verde: ensayos y filosofía
_v1279
500 _aIncluye índice de autores.
650 4 _aEnsayos españoles
_93095
650 4 _aLiteratura española
_ySIGLO XX
_93326
830 0 _aAustral.
_pVerde: ensayos y filosofía;
_v1279
_98733
910 _aWM
049 _aBNGR
999 _c19504
_d19504